Quản lý chặt là bảo vệ các em /

Tallennettuna:
Bibliografiset tiedot
Päätekijä: Giáng Ngọc.
Aineistotyyppi: Artikkeli
Kieli:Vietnamese
Aiheet:
Tagit: Lisää tagi
Ei tageja, Lisää ensimmäinen tagi!
Thư viện lưu trữ: Thư viện Trường Đại học Đà Lạt
LEADER 00722nam a2200265 4500
001 DLU110116006
005 ##20110216
040 # # |a DLU  |b vie 
041 # # |a vie 
044 # # |a vn 
100 # # |a Giáng Ngọc. 
245 # # |a Quản lý chặt là bảo vệ các em /  |c Giáng Ngọc. 
653 # # |a Kỉ luật 
653 # # |a Tâm sinh lí 
653 # # |a Tệ nạn xã hội 
773 # # |t Gia đình và trẻ em  |g Số 22, 2008, tr. 35 
920 # # |a Phòng Tạp chí -- Trung tâm Thông tin - Thư viện Trường Đại học Đà Lạt 
994 # # |a DLU 
900 # # |a True 
911 # # |a Nguyễn Thị Linh Chi 
925 # # |a G 
926 # # |a A 
927 # # |a BB 
980 # # |a Thư viện Trường Đại học Đà Lạt